Statistics for Windows Versions 1985-2023

Click here to take the quiz!

General Stats

  • This quiz has been taken 64 times
  • The average score is 18 of 40

Answer Stats

HintAnswer% Correct
19851.0
100%
201510
100%
202111
97%
20097
97%
20128
94%
2001XP
94%
19872.0
88%
199595
85%
199898
82%
2007Vista
79%
19903.0
76%
202412
74%
20002000
68%
19923.1
68%
20138.1
62%
2000ME
59%
1996NT 4.0
44%
2003Server 2003
38%
1993NT 3.1
35%
1999NT 5.0
35%
2004Longhorn
32%
2008Server 2008
32%
2016Server 2016
32%
2012Server 2012
29%
1995Chicago
26%
2018Server 2019
24%
2021Server 2022
24%
1994NT 3.5
21%
1999Neptune
18%
1995NT 3.51
18%
2001Whistler
18%
199898 Second Edition
15%
202010X
12%
1997Memphis
12%
1999Millennium
12%
2009Server 2008 R2
12%
2004Server 2003 R2
9%
2013Server 2012 R2
9%
2002XP Media Center Edition
9%
1993Workgroups 3.11
6%

Score Distribution

Percentile by Number Answered

Percent of People with Each Score

Your Score History

You have not taken this quiz